• 首页
  • 本馆介绍
  • 公告通知
  • 最新文献
  • 馆藏检索
  • 电子资源
  • 读者荐购
  • 参考咨询
  • CALIS
  • 我的图书馆
  • 登录
  • 详细信息显示
  • 放入我的书架
  • 预约/预借图书
  • 作者相关作品
  • 分类相关作品
  • 丛书相关作品
  • 出版社相关作品

书目信息

  • 表格格式
  • 工作单格式
  • 卡片格式
题名:
石油化工设备安全管理
    
 
作者: 杨启明 , 马延霞 , 王维斌 编著
分册:  
出版信息: 北京   化学工业出版社  2008.02
页数: 282页
开本: 26cm
丛书名:
单 册:
中图分类: TE687
科图分类:
主题词: 石油化工--shi you hua gong--化工设备--安全管理--高等学校--教材
电子资源:
ISBN: 978-7-122-01758-1
 
 
 
 
 
000 01098nam0 2200277 450
001 012008599876
005 20080424163438.06
010    @a978-7-122-01758-1@dCNY33.00
100    @a20080424d2008 em y0chiy0120 ea
101 0  @achi
102    @aCN@b110000
105    @aa a 000yy
106    @ar
200 1  @a石油化工设备安全管理@Ashi you hua gong she bei an quan guan li@f杨启明, 马延霞, 王维斌编著@Fyang qi ming,ma yan xia,wang wei bin bian zhu
210    @a北京@c化学工业出版社@d2008.02
215    @a282页@c图@d26cm
300    @a高等学校教材
320    @a有书目
330    @a本书针对石油化工设备工业生产中大量使用的压力容器、压力管道、油库和其他常用设备,不仅系统地介绍了有关安全分析的基础知识,还详细介绍了各种安全管理方法在这些设备中的应用,强调了应根据不同的情况,采用不同的安全管理方法。
606 0  @a石油化工@Ashi you hua gong@x化工设备@x安全管理@x高等学校@j教材
690    @aTE687@v4
701  0 @a杨启明@Ayang qi ming@4编著
701  0 @a马延霞@Ama yan xia@4编著
701  0 @a王维斌@Awang wei bin@4编著
801  0 @aCN@bQSSK@c20080424
905    @b297640-42@dTE687@eY244@f3
    
    石油化工设备安全管理/杨启明, 马延霞, 王维斌编著.-北京:化学工业出版社,2008.02
    282页:图;26cm
    高等学校教材
    
    ISBN 978-7-122-01758-1:CNY33.00
    本书针对石油化工设备工业生产中大量使用的压力容器、压力管道、油库和其他常用设备,不仅系统地介绍了有关安全分析的基础知识,还详细介绍了各种安全管理方法在这些设备中的应用,强调了应根据不同的情况,采用不同的安全管理方法。
●
相关链接 在E读中查询图书 在当当中查询图书 在豆瓣中查询图书


正题名:石油化工设备安全管理     索取号:TE687/Y244         预约/预借

序号 登录号 条形码 馆藏地/架位号 状态 备注
1 297640   202976404   自科库501/501自科库 22排4列5层/ [索取号:TE687/Y244] 在馆    
2 297641   202976413   自科库501/501自科库 22排4列5层/ [索取号:TE687/Y244] 在馆    
3 297642   202976422   自科库501/501自科库 22排4列5层/ [索取号:TE687/Y244] 在馆    
河南城建学院图书馆 欢迎您!
大连网信软件有限公司© 版权所有